| 000 | 00976nam a2200193 4500 | ||
|---|---|---|---|
| 999 |
_c3626 _d3626 |
||
| 020 | _a 0471046337 | ||
| 022 | _a9780471046332 | ||
| 050 | _aHG1707.7.R49 | ||
| 100 | _a Zabihollah Rezaee | ||
| 245 |
_aFinancial Institutions, Valuations, Mergers, and Acquisitions _c Zabihollah Rezaee |
||
| 250 | _a2nd ed | ||
| 260 |
_aNew York _bJohn Wiley & Sons, Inc _c2001 |
||
| 300 |
_a434p, _cillus, 24cm |
||
| 500 | _aIncludes index | ||
| 505 | _aPreface xix Introduction to financial institutions 3 Overview of the valuation process 38 Overview of mergers and acquisitions 73 Regulatory environment and financial reporting 111 Value and valuation: a conceptual foundation 165 valuations for tax and accounting purposes 213 Intangible asset valuation 223 Financial analysis of banks and bank holding companies 235 Internal characteristics assessment 280 | ||
| 650 |
_aFinancial Institutions _xMergers |
||
| 700 | _a Zabihollah Rezaee | ||
| 942 | _cBK | ||